Die Bestattungsgruben in Bat /
A comprehensive study of two Umm an-Nar (2700-2000 BC) burial pits from the UNESCO World Heritage site Bat in the Sultanate of Oman, excavated 2010-2012. Each burial pit represents one of the largest closed finds of the Early Bronze Age in the region, including beads and other items of personal ador...
المؤلفون الرئيسيون: , , ,
التنسيق: كتاب الكتروني
اللغة: German
منشور في:
Oxford :
Archaeopress Publishing,
2020.
سلاسل:
Arabia orientalis ;
1.
الموضوعات:
الوصول للمادة أونلاين: Login to view Source
الوسوم: إضافة وسم
رقم الطلب: DS247.O63
| LEADER | 02151nam a2200469 i 4500 | ||
|---|---|---|---|
| 001 | EDZ0002411793 | ||
| 003 | StDuBDS | ||
| 005 | 20230412182944.0 | ||
| 006 | m|||||o||d|||||||| | ||
| 007 | cr ||||||||||| | ||
| 008 | 201026s2020 enka fob 000|0|ger|d | ||
| 020 | |a 9781789697858 (PDF ebook) : |c No price | ||
| 040 | |a StDuBDS |b eng |c StDuBDS |e rda |e pn | ||
| 050 | 4 | |a DS247.O63 | |
| 082 | 0 | 4 | |a 939.49 |2 23 |
| 100 | 1 | |a Schmidt, Conrad, |e author. | |
| 245 | 1 | 4 | |a Die Bestattungsgruben in Bat / |c von Conrad Schmidt ; mit Beiträgen von Stefan Giese und Christian Hübner sowie Steve Zäuner. |
| 264 | 1 | |a Oxford : |b Archaeopress Publishing, |c 2020. | |
| 300 | |a 1 online resource (276 pages) : |b illustrations (black and white, and colour). | ||
| 336 | |a text |2 rdacontent | ||
| 336 | |a still image |2 rdacontent | ||
| 337 | |a computer |2 rdamedia | ||
| 338 | |a online resource |2 rdacarrier | ||
| 490 | 1 | |a Arabia orientalis ; |v 1 | |
| 500 | |a Also issued in print: 2020. | ||
| 504 | |a Includes bibliographical references. | ||
| 506 | 0 | |a Open access. | |
| 520 | 8 | |a A comprehensive study of two Umm an-Nar (2700-2000 BC) burial pits from the UNESCO World Heritage site Bat in the Sultanate of Oman, excavated 2010-2012. Each burial pit represents one of the largest closed finds of the Early Bronze Age in the region, including beads and other items of personal adornment, as well as pottery and human bones. | |
| 521 | |a Specialized. | ||
| 588 | |a Description based on online resource; title from PDF title page (viewed on January 27, 2021). | ||
| 650 | 0 | |a Excavations (Archaeology) |z Oman |z Bāt. | |
| 650 | 0 | |a Bronze age |z Oman |z Bāt. | |
| 651 | 0 | |a Bāt (Oman) |x Antiquities. | |
| 700 | 1 | |a Giese, Stefan, |d 1979- |e author. | |
| 700 | 1 | |a Hübner, Christian, |e author. | |
| 700 | 1 | |a Zäuner, Steve, |e author. | |
| 776 | 0 | 8 | |i Print version : |z 9781789697391 |
| 830 | 0 | |a Arabia orientalis ; |v 1. | |
| 856 | 4 | 0 | |3 Archaeopress |u http://library.arce.org:8087/Archaeopress/Products/9781789697391 |
| 942 | |2 lcc |c EBOOK | ||
| 952 | |0 0 |1 0 |4 0 |6 DS0247 O63 |7 1 |9 46770 |a ARCH |b ARCH |d 2023-04-12 |l 0 |o DS247.O63 |r 2023-04-12 00:00:00 |w 2023-04-12 |y EBOOK | ||
| 999 | |c 52428 |d 52428 | ||
